| 000 | 00797nas a2200253 454500 | ||
|---|---|---|---|
| 001 | 521 | ||
| 005 | 20260407193503.0 | ||
| 008 | 260407s1998####ag###########|||spa#d | ||
| 003 | AR-UNSa-BCEJYS | ||
| 040 |
_aAR-UNSa-BCEJYS _bspa _cAR-UNSa-BCEJYS |
||
| 080 |
_a658 _xAdministración de empresas. Organización comercial |
||
| 245 | 1 | 0 | _aHarvard Deusto Business Review |
| 022 | _a0210-900-X | ||
| 264 | 1 |
_aBarcelona : _bEdiciones Deusto _c1998 |
|
| 310 | _aBimestral | ||
| 942 | _cSER | ||
| 590 | _aniveau_biblio:s niveau_hierar:1 | ||
| 100 | 1 | _aInsunza, Juan María | |
| 700 | 1 | _aVillaizán, Elena | |
| 650 | _aGestión | ||
| 650 | _aRecursos humanos | ||
| 650 | _aEconomía de la empresa | ||
| 856 | 4 | 1 |
_uhttps://biblioeco.unsa.edu.ar/pmb/images/revistas/Deusto.jpg _yImagen de portada _qimage/jpeg |
| 999 |
_c8367 _d8367 |
||